00648nam a2200193Ia 4500008004100000020001400041082001600055100002500071245007400096250000700170260003600177300002700213500001900240600002700259650001500286942000700301952013100308999001500439240925s9999 xx 000 0 und d a133326934 a621.395 PUC aPucknell ,Douglas A. 0aFundamentals of Digital Logic Design: with VLSI circuits applications aNA aLondon:bPrentice, Hallc,1990. avi,153p.bNAfOriginal aIncludes Index aElectronic Engineering aTechnology cBK 001040708ELaUITUbUITUd1997-01-04eThomas and Thomasg1806.00l0o621.395 PUCpQ0991r2024-09-25 07:12:16w2024-09-25yBK c3490d3490